000 00465nam a22001937a 4500
003 LK-CoDNM
005 20250102111016.0
008 250102b |||||||| |||| 00| 0 eng d
040 _aLK-CoDNM
_dLK-CoDNM
_eLK-CoDNM
041 _aeng
080 _a3
_bN12
100 _aHagen,H.A
245 _aMonographie Calopterygines
260 _aParis
_c1854
300 _axi, 285p ; 23cm
650 _aScience
650 _aMonographie Calopterygines
942 _cBK
999 _c234559
_d234559